|
|
|
|
| LEADER |
02084nam a2200421 a 4500 |
| 001 |
EBC3338191 |
| 003 |
MiAaPQ |
| 005 |
20200520144314.0 |
| 006 |
m o d | |
| 007 |
cr cn||||||||| |
| 008 |
940323s1994 miuab sb 101 0 eng d |
| 010 |
|
|
|z 94011964
|
| 020 |
|
|
|z 0870133489
|
| 020 |
|
|
|z 9780870133480
|
| 020 |
|
|
|a 9780870139123 (electronic bk.)
|
| 035 |
|
|
|a (MiAaPQ)EBC3338191
|
| 035 |
|
|
|a (Au-PeEL)EBL3338191
|
| 035 |
|
|
|a (CaPaEBR)ebr10514581
|
| 035 |
|
|
|a (OCoLC)876513941
|
| 040 |
|
|
|a MiAaPQ
|c MiAaPQ
|d MiAaPQ
|
| 043 |
|
|
|a n------
|
| 050 |
|
4 |
|a HD9944.N6
|b N67 1991
|
| 082 |
0 |
4 |
|a 380.1/456753/0971
|2 20
|
| 111 |
2 |
|
|a North American Fur Trade Conference
|n (6th :
|d 1991 :
|c Mackinac Island, Mich.)
|
| 245 |
1 |
4 |
|a The fur trade revisited
|h [electronic resource] :
|b selected papers of the Sixth North American Fur Trade Conference, Mackinac Island, Michigan, 1991 /
|c Jennifer S.H. Brown, W.J. Eccles and Donald P. Heldman, editors.
|
| 260 |
|
|
|a East Lansing :
|b Michigan State University Press,
|c 1994.
|
| 300 |
|
|
|a xx, 536 p. :
|b ill., maps.
|
| 500 |
|
|
|a "Carte de l'Amerique Septentrionale" on endpapers.
|
| 504 |
|
|
|a Includes bibliographical references and index.
|
| 505 |
0 |
|
|a pt. 1. Transatlantic fur trade markets and entrepreneurs -- pt. 2. Native people and changing trade relations -- pt. 3. Becoming a trader : origins, lives, and survival -- pt. 4. The fur trade at Mackinac -- pt. 5. Archaeology and material culture -- pt. 6. Into the twentieth century -- pt. 7. Fur trade literature and interpretation : issues and problems.
|
| 533 |
|
|
|a Electronic reproduction. Ann Arbor, MI : ProQuest, 2015. Available via World Wide Web. Access may be limited to ProQuest affiliated libraries.
|
| 650 |
|
0 |
|a Fur trade
|z North America
|x History
|v Congresses.
|
| 655 |
|
4 |
|a Electronic books.
|
| 700 |
1 |
|
|a Brown, Jennifer S. H.,
|d 1940-
|
| 700 |
1 |
|
|a Eccles, W. J.
|q (William John)
|
| 700 |
1 |
|
|a Heldman, Donald P.
|
| 710 |
2 |
|
|a ProQuest (Firm)
|
| 856 |
4 |
0 |
|u https://ebookcentral.proquest.com/lib/matrademy/detail.action?docID=3338191
|z Click to View
|